书目信息 |
| 题名: |
中国传统书院教育及其当代价值研究
|
|
| 作者: | 张晓婧 , 乔凯 著 | |
| 分册: | ||
| 出版信息: | 北京 中国社会科学出版社 2020.9 |
|
| 页数: | 295页 | |
| 开本: | 24cm | |
| 丛书名: | ||
| 单 册: | ||
| 中图分类: | G649.299 | |
| 科图分类: | ||
| 主题词: | 书院--shu yuan--教育研究--中国 | |
| 电子资源: | ||
| ISBN: | 978-7-5203-7153-7 | |
| 000 | 01119nam0 2200265 450 | |
| 001 | 2157988717 | |
| 005 | 20211011172911.0 | |
| 010 | @a978-7-5203-7153-7@dCNY108.00 | |
| 100 | @a20210203d2020 em y0chiy0120 ea | |
| 101 | 0 | @achi |
| 102 | @aCN@b110000 | |
| 105 | @ay z 000yy | |
| 106 | @ar | |
| 200 | 1 | @a中国传统书院教育及其当代价值研究@Azhong guo chuan tong shu yuan jiao yu ji qi dang dai jia zhi yan jiu@dChinese traditional academy education and its contemporary value research@f张晓婧,乔凯著@zeng |
| 210 | @a北京@c中国社会科学出版社@d2020.9 | |
| 215 | @a295页@d24cm | |
| 300 | @a国家社科基金教育学青年项目“中国传统书院教育及其当代价值研究”成果 | |
| 330 | @a本书系统阐释了中国传统书院教育的发展历程和鲜明特色,并深入探讨其时代价值以为当代教育改革提供思想资源和智力支持。 | |
| 510 | 1 | @aChinese traditional academy education and its contemporary value research@zeng |
| 606 | 0 | @a书院@Ashu yuan@x教育研究@y中国 |
| 690 | @aG649.299@v5 | |
| 701 | 0 | @a张晓婧@Azhang xiao jing@4著 |
| 701 | 0 | @a乔凯@Aqiao kai@c(高等教育)@4著 |
| 801 | 0 | @aCN@b百万庄@c20211006 |
| 905 | @b1305985-88@dG649.299@e2206@f4 | |
| 中国传统书院教育及其当代价值研究=Chinese traditional academy education and its contemporary value research/张晓婧,乔凯著.-北京:中国社会科学出版社,2020.9 |
| 295页;24cm |
| 国家社科基金教育学青年项目“中国传统书院教育及其当代价值研究”成果 |
| ISBN 978-7-5203-7153-7:CNY108.00 |
| 本书系统阐释了中国传统书院教育的发展历程和鲜明特色,并深入探讨其时代价值以为当代教育改革提供思想资源和智力支持。 |
| ● |
| 相关链接 |
|
|
|
|
正题名:中国传统书院教育及其当代价值研究
索取号:G649.299/2206
 
预约/预借
| 序号 | 登录号 | 条形码 | 馆藏地/架位号 | 状态 | 备注 |
| 1 | 1305985 | 213059857 | 第一样本阅览室/ [索取号:G649.299/2206] | 在馆 | |
| 2 | 1305986 | 213059866 | 第四借阅区/ [索取号:G649.299/2206] | 在馆 | |
| 3 | 1305987 | 213059875 | 第四借阅区/ [索取号:G649.299/2206] | 在馆 | |
| 4 | 1305988 | 213059884 | 第四借阅区/ [索取号:G649.299/2206] | 在馆 |